00627nam a2200157 a 450000100100000000500170001000800410002704000250006811000320009324501130012526000800023830000200031804900090033895201050034799900170045200003359120200930070354.0110901s1893 dr 000 0 spa d aDO-SdBNPbspacBNPHU2 aRepública Dominicana944710aMemoria que al ciudadano presidente de la República presenta el ciudadano Ministro de Hacienda y Comercio. aSanto Domingo :bHacienda y Comercio,c1893.fImprenta La Cuna de América a42 p. ;c26 cm. aBNPD 001050718RVaPDbPDcCTd2011-09-01iLF1l0o p33591-10r2020-06-25w2020-06-25y1ZNo se presta c33082d33082